Villes françaises de plus de 80k habitants - Mort subite - Statistiques

Statistiques générales
  • Ce quiz a été pris 97 fois
  • Le résultat moyen est 7 sur 15
Answers on the Grid
Answers color-coded by a green-red scale on the quiz's grid according to % correct below.
Nantes
Bordeaux
La Rochelle
Toulon
Poitiers
Pau
Cherbourg-en-Cotentin
Lyon
Ajaccio
Dunkerque
Grenoble
Le Havre
Cannes
Saint-Nazaire
Calais
Orléans
Colmar
Béziers
Quimper
Clermont-Ferrand
Valence
Bourges
Troyes
Montauban
Limoges
Besancon
Chambéry
Tours
Niort
Nancy
 
Statistiques - réponses
Réponse % Correct
Nantes
93%
Bordeaux
87%
Lyon
69%
Toulon
59%
Grenoble
54%
Le Havre
52%
Clermont-Ferrand
46%
Nancy
38%
Orléans
35%
Limoges
31%
Tours
30%
Poitiers
28%
Besancon
24%
Dunkerque
21%
Béziers
8%
Aucun quiz correspondant
Distribution des résultats
% des personnes avec chaque résultat
Percentile par nombre de réponses
Votre historique - résultats
Vous n’avez pas pris ce quiz